000 00449nam a2200181Ia 4500
001 16543
005 20260306170317.0
008 260306t2021||||xx |||||||||||||| ||und||
041 _aESP
082 _a348.6
_bV32
100 _aVargas Raschio, Tino
_eAUT
245 0 _aEl trabajo a distancia y su regulación en el Perú
260 _c2021
300 _a349 páginas :
_c25 cm.
650 _aGEN
654 _aCDE
942 _cLIB
_dJUS
_fJUS
_2ddc
_n
999 _c16543
_d16543